Socialističeskij trud ježemesjačnyj naučno-praktičeskij žurnal gosudarstvennogo komiteta SSSR po trudu i social'nym voprosam

Uložené v:
Podrobná bibliografia
Médium: Seriál
Jazyk:Russian
Vydavateľské údaje: Moskva Transport 1984
Tagy: Pridať tag
Žiadne tagy, Buďte prvý, kto otaguje tento záznam!

MARC

LEADER 00000nas2a2200000 4500
001 s108791
005 20250730114201.2
041 0 |a rus 
044 |a RU 
245 1 0 |a Socialističeskij trud  |b ježemesjačnyj naučno-praktičeskij žurnal gosudarstvennogo komiteta SSSR po trudu i social'nym voprosam 
264 1 |a Moskva  |b Transport  |c 1984 
300 |a 1 zv. 
773 0 |w eu_un_cat*s120776